000 00663nam a2200253Ia 4500
003 OSt
005 20221007110722.0
006 a|||||r|||| 00| 0
007 ta
008 221006b |||||||| |||| 00| 0 eng d
024 _a21,696
037 _cTextual
040 _aLCO
_cLCO
_beng
041 _2eng
_aeng
082 _aX8(A):958.2, L2
100 _aN. Hasan
_9707801
245 0 _aSocial Security System of India
250 _a1st
260 _aNew
_bDelhi S. Chand & Co. (Pvt.) Ltd. India
_c1972
300 _a252
650 _aSECURITY SYSTEM
_9707802
942 _hX8(A):958.2, L2
_cTEXL
999 _c1191259
_d1191259